000 00638nam a2200193Ia 4500
003 GCL
008 140319s9999 xx 000 0 ara d
040 _aGCL /
_cGCL
082 0 4 _a810.9965
_bو ط
100 1 _aواسيى الاعرج
245 1 0 _aالطاهر وطار تجربة الكتابة الواقعية : الرواية نموزجا /
_cواسيى الاعرج
260 _a[S.N] :
_bالمؤسسةالوطنية للكتاب ،
_c1989
300 _a141 ص
490 _a
650 0 4 _aالادب العربى
650 0 4 _aالجزائر
650 0 4 _aالواقعية فى الادب العربى
942 _2ddc
_cBK
999 _c36000
_d36000